| 000 | 00646nam a22001931a 4500 | ||
|---|---|---|---|
| 001 | 2380 | ||
| 003 | OSt | ||
| 005 | 20260204211809.0 | ||
| 008 | 040220s1991||||sp ||||||b||||||||||spa|| | ||
| 020 | _a9253030186 | ||
| 050 | _a630 I4a | ||
| 082 | _a630 I4a | ||
| 245 | _aLa ingeniería agrícola en el desarrollo: La selección de insumos de mecanización / Organización de las Naciones Unidas para la Agricultura y la Alimentación | ||
| 264 | _aEspaña : FAO | ||
| 300 | _a113 p | ||
| 650 | _a1.Ingeniería Agrícola 2.Agricultura | ||
| 700 | _aOrganización de las Naciones Unidas para la Agricultura y la AlimentaciónÌ | ||
| 942 |
_2ddc _cBK |
||
| 999 |
_c2380 _d2380 |
||